Statistics for Red (TV) - Taylor Swift (All Lyrics)

Click here to take the quiz!

General Stats

  • This quiz has been taken 54 times
  • The average score is 279 of 322

Answer Stats

Lyrics% Correct
a
100%
him
100%
I
100%
is
100%
like
100%
Like
100%
Loving
100%
loving
100%
to
100%
was
100%
know
98%
me,
98%
red
98%
(Red,
98%
red)
98%
so
98%
the
98%
all
96%
blue
96%
dead
96%
down
96%
driving
96%
end
96%
Maserati
96%
never
96%
new
96%
street
96%
you
96%
alone
94%
But
94%
dark
94%
gray,
94%
somebody
94%
And
91%
and
91%
I'd
91%
in
91%
In
91%
met
91%
Missing
91%
tryin'
91%
Forgetting
89%
when
89%
wind,
89%
be
87%
it
87%
known
87%
Losing
87%
losing
87%
no
87%
of
87%
as
85%
suddenly
85%
your
85%
Oh,
83%
passionate
83%
there
83%
answer
81%
ever
81%
right
81%
Faster
79%
than
79%
Burning,
77%
burning
77%
my
77%
on
77%
that
77%
yeah,
77%
Yeah,
77%
yeah
77%
ending
74%
favorite
74%
front
74%
sin,
74%
there's
74%
trying
74%
before
72%
go
72%
knowing
72%
lose
72%
love
72%
song
72%
bright
70%
colors
70%
head
70%
wanted
70%
words
70%
echoes
68%
just
68%
realizing
68%
see
68%
crossword
66%
easy
66%
flashbacks
66%
old
66%
still
66%
Touching
66%
free
64%
impossible
64%
let
64%
back
62%
Comes
62%
comes
62%
could
62%
it's
62%
Memorizing
62%
now,
62%
solve
62%
you're
62%
autumn,
60%
fall
60%
Fighting
60%
from
60%
moving
60%
myself
60%
Tell
60%
they
60%
time
60%
wishing
60%
gotta
57%
out
57%
strong
57%
'Cause
55%
Remembering
55%
already
53%
found
53%
mind
53%
Regretting
53%
change
51%
His
49%
once
49%
through
47%
he's
45%
why
45%
flying
43%
spinning
43%
'round
40%
that's
38%
(Woah)
28%

Score Distribution

Percentile by Number Answered

Percent of People with Each Score

Your Score History

You have not taken this quiz